00687nam a2200241 a 4500001001300000003000900013005001700022008004100039020001000080082001700090100002400107245004600131260003500177300000900212500003500221505001000256650000800266700002400274902000800298942000700306952011700313999001500430nice12345678IN_TiNIC20260116011848.0050524s1965 bana grp 000 0 eng  ac10000a291.211bMON aMonsma, John Clover aEvidence of God in an Expanding Universe. aBangalorebThomas Samuelc1965 a250p aincludes index and biblioraphy2 aIndex aGod1 aMonsma, John Clover bSRS cBK 001040708StackRoom-aHMIbHMId2007-07-19g100.00l0o291.211 MONp05293r2007-07-19v100.00w2005-05-24yBK c4525d4525